AIDS t Scutmas tership (Record no. 5834)
[ view plain ]
| 000 -LEADER | |
|---|---|
| fixed length control field | 00217nam a22000857a 4500 |
| 008 - FIXED-LENGTH DATA ELEMENTS--GENERAL INFORMATION | |
| fixed length control field | 170130b xxu||||| |||| 00| 0 eng d |
| 100 ## - MAIN ENTRY--PERSONAL NAME | |
| 9 (RLIN) | 2679 |
| Personal name | Gilwell.L.B.P |
| 245 ## - TITLE STATEMENT | |
| Title | AIDS t Scutmas tership |
| 260 ## - PUBLICATION, DISTRIBUTION, ETC. (IMPRINT) | |
| Place of publication, distribution, etc. | New Delhi |
| Name of publisher, distributor, etc. | BS |
| Date of publication, distribution, etc. | 2006 |
| Withdrawn status | Lost status | Source of classification or shelving scheme | Damaged status | Koha normalized classification for sorting | Not for loan | Home library | Current library | Date acquired | Total Checkouts | Full call number | Barcode | Date last seen | Price effective from | Koha item type |
|---|---|---|---|---|---|---|---|---|---|---|---|---|---|---|
| Dewey Decimal Classification | 369_409400000000000 | Good Samaritan School Library | Good Samaritan School Library | 01/30/2017 | 369.4094 | GIL10676 | 01/30/2017 | 01/30/2017 | BOOK |